| 000 | 00639nam a2200193Ia 4500 | ||
|---|---|---|---|
| 003 | IN-BaIIA | ||
| 008 | 211028s9999 xx 000 0 eng d | ||
| 020 | _a0-333-75088-8 | ||
| 040 | _cIIA Library | ||
| 080 |
_a(031)52 _bMUR |
||
| 245 | 0 |
_aEncyclopedia of astronomy and astrophysics _bvol. 2, Gem - N _cedited by P. Murdin |
|
| 260 |
_aBristol _bInstitute of Physics _c2001 |
||
| 300 | _a965 - 1898 p. | ||
| 650 |
_aastronomy _980 |
||
| 650 |
_aastrophysics _9794 |
||
| 650 |
_aencyclopedia _91112 |
||
| 700 |
_aMurdin, P., ed. _924521 |
||
| 942 | _cBK | ||
| 999 |
_c13993 _d13993 |
||